Emmy 2022 (Actors and Actresses) - Statistics

General Stats
  • This quiz has been taken 218 times
  • The average score is 23 of 82
Answer Stats
Hint Answer % Correct
Euphoria Zendaya
77%
Killing Eve Sandra Oh
70%
Ozark Jason Bateman
62%
Ted Lasso Jason Sudeikis
62%
Better Call Saul Bob Odenkirk
60%
Only Murders in the Building Steve Martin
59%
Squid Game Oh Yeong-su
56%
Barry Bill Hader
53%
The Morning Show Reese Witherspoon
53%
Only Murders in the Building Martin Short
52%
Atlanta Donald Glover
51%
Killing Eve Jodie Comer
51%
Succession Brian Cox
48%
Succession Kiernan Culkin
48%
The Flight Attendant Kaley Cuoco
47%
Succession Jeremy Strong
44%
Ozark Laura Linney
43%
Euphoria Sydney Sweeney
39%
The White Lotus Sydney Sweeney
39%
Pam and Tommy Lily James
38%
Pam and Tommy Sebastian Stan
38%
The Great Elle Fanning
37%
The White Lotus Jennifer Coolidge
37%
Severance Adam Scott
36%
The Marvelous Mrs. Maisel Rachel Brosnahan
36%
Abbott Elementary Janelle James
34%
Inventing Anna Julia Garner
34%
Ozark Julia Garner
34%
Succession Sarah Snook
34%
The Dropout Amanda Seyfried
31%
Dopesick Michael Keaton
31%
Insecure Issa Rae
30%
Abbott Elementary Quinta Brunson
29%
Under the Banner of Heaven Andrew Garfield
28%
The Staircase Colin Firth
28%
Ted Lasso Hannah Waddingham
28%
Barry Henry Winkler
28%
Ted Lasso Juno Temple
26%
Ted Lasso Brett Goldstein
25%
Hacks Jean Smart
25%
Succession Matthew Macfayden
25%
Better Call Saul Rhea Seehorn
24%
Yellowjackets Melanie Lynskey
23%
Yellowjackets Christina Ricci
21%
The Staircase Toni Collette
21%
Succession Nicholas Braun
20%
The White Lotus Alexandra Daddario
19%
The Great Nicholas Holt
19%
Impeachment: American Crime Story Sarah Paulson
19%
Abbott Elementary Tyler James Williams
19%
Saturday Night Live Kate McKinnon
18%
Maid Margaret Qualley
18%
Abbott Elementary Sheryl Lee Ralph
17%
The White Lotus Connie Britton
16%
Severance John Turturro
16%
Succession J. Smith-Cameron
16%
The Marvelous Mrs. Maisel Alex Borstein
15%
The Morning Show Billy Crudup
15%
Saturday Night Live Bowen Yang
15%
Severance Christopher Walken
15%
Scenes From a Marriage Oscar Issac
15%
Severance Patricia Arquette
15%
Pam and Tommy Seth Rogen
15%
The White Lotus Steve Zahn
15%
Squid Game Lee Jung-jae
14%
The White Lotus Murray Bartlett
14%
Ted Lasso Nick Mohammed
14%
The Marvelous Mrs. Maisel Tony Shaloub
14%
Barry Anthony Carrigan
13%
Dopesick Kaitlyn Dever
12%
The White Lotus Jake Lacy
11%
Hacks Hannah Einbinder
10%
Dopesick Will Poulter
10%
Squid Game Jung Ho-yeon
9%
Ted Lasso Sarah Niles
9%
Station Eleven Himesh Patel
8%
The White Lotus Natasha Rothwell
8%
Dopesick Michael Stuhlbarg
7%
Squid Game Park Hae-soo
6%
Dopesick Peter Sarsgaard
6%
Ted Lasso Toheeb Jimoh
6%
Dopesick Mare Winningham
5%
No matching quizzes found
Score Distribution
Percent of People with Each Score
Percentile by Number Answered
Your Score History
You have not taken this quiz